000 00563nam a22001817a 4500
999 _c193868
_d193868
005 20230209142939.0
010 _aE.N.A./7.11.22
020 _a9789394888043
_c995.00
037 _bKHB Publishing House
082 _a181.46
100 _aVivekananda, Swami
245 _aJnana-Yoga /
_cby Swami Vivekananda
260 _aDelhi
_bSonam Enterprises
_c2022
270 _aB-14-15, Gali No.10, Jagatpuri Extn.,
_bDelhi
_e110 093
300 _a278 p.
_c22cm. (Hb)
490 _aStrength is life:weakness is death
942 _cEN
_h181.46
_mVIV
_2ddc